[Event "Baku Open 2016"]
[Site "Baku AZE"]
[Date "2016.09.20"]
[Round "3.14"]
[White "Guliev, Sarhan"]
[Black "Gadimbayli, Abdulla"]
[Result "1-0"]
[WhiteTitle "GM"]
[BlackTitle "FM"]
[WhiteElo "2416"]
[BlackElo "2294"]
[WhiteFideId "13400231"]
[BlackFideId "13404938"]
[EventDate "2016.09.18"]

1. d4 d5 2. c4 c6 3. Nf3 Nf6 4. Nbd2 e6 5. g3 Nbd7 6. Bg2 Bd6 7. O-O O-O 8. Qc2
Re8 9. Rd1 Qe7 10. e4 dxe4 11. Nxe4 Nxe4 12. Qxe4 e5 13. Bg5 Qf8 14. Qc2 h6 15.
Be3 e4 16. Nd2 f5 17. c5 Bc7 18. Qb3+ Qf7 19. Qxf7+ Kxf7 20. Re1 g5 21. f3 f4
22. gxf4 gxf4 23. fxe4 fxe3 24. Rxe3 Ke7 25. e5 Rg8 26. Ne4 b6 27. b4 bxc5 28.
bxc5 Ba6 29. Ng3 Bb7 30. Nf5+ Ke6 31. Nd6 Rab8 32. Kh1 Rxg2 33. Kxg2 Ba6 34. Rb3
Rg8+ 35. Rg3 Rxg3+ 36. hxg3 Kd5 37. Rh1 Nf8 38. Rxh6 Kxd4 39. Rf6 Nd7 40. Rf7
Nxc5 41. Rxc7 Kxe5 42. Nf7+ Kd5 43. Rxa7 Bc4 44. g4 Kd4 45. Kg3 Bd5 46. g5 Ne4+
47. Kf4 c5 48. g6 c4 49. g7 Nf6 50. Kg5 Ng8 51. Nd6 Kc5 52. Nf5 c3 53. Rc7+ Kb4
54. a3+ Kb3 55. Nd4+ Kb2 56. a4 1-0

[Event "Baku Open 2016"]
[Site "Baku AZE"]
[Date "2016.09.20"]
[Round "3.15"]
[White "Mamedjarova, Zeinab"]
[Black "Sindarov, Javokhir"]
[Result "1-0"]
[WhiteTitle "WGM"]
[BlackTitle "CM"]
[WhiteElo "2295"]
[BlackElo "2415"]
[WhiteFideId "13401521"]
[BlackFideId "14205483"]
[EventDate "2016.09.18"]

1. d4 Nf6 2. Nc3 d5 3. Bg5 Bf5 4. e3 e6 5. Bd3 c6 6. Bxf5 exf5 7. Qf3 h6 8. Bh4
g5 9. Bg3 Qc8 10. h4 g4 11. Qd1 Bb4 12. Ne2 Ne4 13. Qd3 Nd7 14. f3 gxf3 15. gxf3
Nxg3 16. Nxg3 Nb6 17. Nh5 Nc4 18. Rb1 Qc7 19. Kf2 O-O-O 20. Ne2 Rhe8 21. b3 Nd2
22. Rbg1 Qd7 23. Neg3 c5 24. c3 cxd4 25. Qxd4 Nxf3 26. Kxf3 Re4 27. Qxa7 1-0

[Event "Baku Open 2016"]
[Site "Baku AZE"]
[Date "2016.09.20"]
[Round "3.16"]
[White "Sadikhov, Ulvi"]
[Black "Miroshnichenko, Pavel"]
[Result "1-0"]
[WhiteTitle "IM"]
[WhiteElo "2409"]
[BlackElo "2281"]
[WhiteFideId "13401416"]
[BlackFideId "4188659"]
[EventDate "2016.09.18"]

1. e4 e5 2. Nf3 Nc6 3. Bb5 a6 4. Ba4 Nf6 5. d3 b5 6. Bb3 Be7 7. c3 O-O 8. O-O d5
9. Nbd2 h6 10. exd5 Nxd5 11. Re1 Bg4 12. h3 Bh5 13. Ne4 Bg6 14. Ng3 Bf6 15. Nh2
Nf4 16. Bxf4 exf4 17. Ne4 Be7 18. d4 Na5 19. Qf3 Nxb3 20. axb3 Bd6 21. b4 Re8
22. Nf1 Bf5 23. Nfd2 g5 24. Re2 Bf8 25. Rae1 Re6 26. Nb3 Rg6 27. Nec5 Qc8 28.
Re5 Rb8 29. g4 Bd7 30. Nxd7 Qxd7 31. Qe4 Bd6 32. Re8+ Rxe8 33. Qxe8+ Qxe8 34.
Rxe8+ Bf8 35. Nc5 Kg7 36. Ne4 Re6 37. Rxe6 fxe6 38. Kg2 Kf7 39. Kf3 e5 40. d5
Ke8 41. Nd2 Kd7 42. Ke4 Bd6 43. Nf3 c5 44. dxc6+ Kxc6 45. Nxe5+ Kb6 46. Kd5 Kc7
47. f3 Bf8 48. Ke6 Bg7 49. Nf7 Kc6 50. Nd6 1-0

[Event "Baku Open 2016"]
[Site "Baku AZE"]
[Date "2016.09.20"]
[Round "3.17"]
[White "Fataliyeva, Ulviyya"]
[Black "Guliev, Logman"]
[Result "0-1"]
[WhiteTitle "WIM"]
[BlackTitle "IM"]
[WhiteElo "2234"]
[BlackElo "2390"]
[WhiteFideId "13403052"]
[BlackFideId "13400061"]
[EventDate "2016.09.18"]

1. e4 c5 2. Nf3 Nc6 3. d4 cxd4 4. Nxd4 Nf6 5. Nc3 d6 6. Bb5 Bd7 7. Bg5 e6 8. O-O
Be7 9. Bxc6 bxc6 10. e5 dxe5 11. Nf3 Nd5 12. Bxe7 Qxe7 13. Nxe5 O-O 14. Ne4 Rfd8
15. c4 Be8 16. Qc1 Qc7 17. f4 Nb4 18. a3 Nd3 19. Nxd3 Rxd3 20. c5 Rb3 21. Qc2
Rab8 22. Rab1 f6 23. Nd6 Bg6 24. Qc4 Bxb1 25. Qxe6+ Kf8 26. Rxb1 Qe7 27. f5 Qxe6
28. fxe6 Re3 29. Nf5 Rxe6 30. Nd4 Re4 31. Nxc6 Rc8 32. Nxa7 Rxc5 33. b4 Rc7 34.
Nb5 Rc2 35. Kh1 Rec4 36. Rf1 Rg4 37. Rg1 Ra2 38. h3 Rg5 39. Nd4 Rd5 40. Ne6+ Ke7
41. Nc7 Rdd2 42. Nb5 f5 43. Nc3 Rab2 44. Na4 Rb3 45. Nb6 f4 46. Re1+ Kf6 47. Nc4
Rd4 48. Ne5 Rxa3 49. Ng4+ Kf7 50. Ne5+ Kf8 51. Nc6 Rd2 52. b5 Rb3 53. Re5 g6 54.
Na5 Rb1+ 55. Kh2 f3 56. Rg5 f2 0-1

[Event "Baku Open 2016"]
[Site "Baku AZE"]
[Date "2016.09.20"]
[Round "3.18"]
[White "Bashirli, Nail"]
[Black "Rayes, Abdul Kader"]
[Result "1/2-1/2"]
[WhiteTitle "FM"]
[WhiteElo "2387"]
[BlackElo "2254"]
[WhiteFideId "13406809"]
[BlackFideId "7600801"]
[EventDate "2016.09.18"]

1. Nf3 Nf6 2. g3 g6 3. Bg2 Bg7 4. O-O O-O 5. d3 d6 6. c4 c5 7. Nc3 Nc6 8. Rb1
Rb8 9. a3 a6 10. b4 cxb4 11. axb4 b5 12. c5 Nd7 13. Ne4 d5 14. Ned2 a5 15. bxa5
Nxc5 16. Qc2 Qd6 17. Re1 Bd7 18. e4 dxe4 19. Nxe4 Nxe4 20. dxe4 Bg4 21. Bf4 e5
22. Be3 Nxa5 23. Red1 Qf6 24. Bg5 Qc6 25. Qe2 Nc4 26. h3 Be6 27. Be7 Rfe8 28.
Bb4 h6 29. Ne1 Red8 30. Nd3 1/2-1/2

[Event "Baku Open 2016"]
[Site "Baku AZE"]
[Date "2016.09.20"]
[Round "3.19"]
[White "Naghdiyev, Niyazi"]
[Black "Abdulla, Khayala"]
[Result "1/2-1/2"]
[WhiteTitle "FM"]
[BlackTitle "WGM"]
[WhiteElo "2366"]
[BlackElo "2214"]
[WhiteFideId "13405519"]
[BlackFideId "13401807"]
[EventDate "2016.09.18"]

1. d4 Nf6 2. Nf3 e6 3. c4 Bb4+ 4. Bd2 Bxd2+ 5. Qxd2 d5 6. e3 O-O 7. Nc3 Qe7 8.
cxd5 exd5 9. Bd3 c6 10. Qc2 Re8 11. Nd2 c5 12. O-O cxd4 13. exd4 Nc6 14. Nb3 a5
15. Bb5 Bd7 16. Bxc6 bxc6 17. Nc5 Qd6 18. f3 Rab8 19. Qd2 Bf5 20. Rfe1 Rxe1+ 21.
Rxe1 h6 22. b3 Bg6 23. Re5 Rb4 24. a3 Rb8 25. Qe2 Kh7 26. N3a4 Nh5 27. g3 Nf6
28. Kg2 Rb5 29. Re7 h5 30. Qe5 Qxe5 31. Rxe5 Bc2 32. Re3 g5 33. Rc3 Bf5 34. Nd3
Bxd3 35. Rxd3 g4 36. Nc5 gxf3+ 37. Kxf3 Ng4 38. Kg2 Nf6 39. Kf3 Kg6 40. Kf4 Ng4
41. Rd2 Nh6 42. Ke3 Nf5+ 43. Kd3 Nd6 44. Re2 Ne4 45. Nxe4 dxe4+ 46. Kxe4 Rxb3
47. Rc2 Rxa3 48. Rxc6+ f6 49. Rc2 Ra1 50. Kd5 a4 51. Kc6 a3 52. d5 Rd1 53. d6
Kf7 54. Kc7 Ke6 55. h3 Rd3 56. Re2+ Kf7 57. d7 Rc3+ 58. Kd6 Rd3+ 59. Kc7 Rc3+
60. Kb6 Rd3 61. Kc6 Rc3+ 62. Kd6 Rd3+ 1/2-1/2

[Event "Baku Open 2016"]
[Site "Baku AZE"]
[Date "2016.09.20"]
[Round "3.20"]
[White "Idrisov, Tabriz"]
[Black "Bagheri, Maziar"]
[Result "1-0"]
[WhiteElo "2289"]
[BlackElo "2361"]
[WhiteFideId "13402870"]
[BlackFideId "12530913"]
[EventDate "2016.09.18"]

1. d4 Nf6 2. Nf3 e6 3. g3 b6 4. Bg2 Bb7 5. O-O c5 6. c4 cxd4 7. Qxd4 Be7 8. Nc3
O-O 9. Rd1 Qc8 10. b3 Nc6 11. Qd2 Rd8 12. Bb2 d6 13. Bh3 Ne5 14. Nd4 a6 15. Rac1
Neg4 16. e4 g6 17. Qe2 e5 18. Nc2 h5 19. Nb4 Bf8 20. Nbd5 Bxd5 21. Nxd5 Qc6 22.
f3 Qc5+ 23. Kf1 Nxd5 24. cxd5 Ne3+ 25. Ke1 Nxd1 26. Rxc5 bxc5 27. Qxd1 c4 28.
bxc4 Rab8 29. Bc3 Rb7 30. Bf1 Rc8 31. Bd3 Bh6 32. Ke2 Bg5 33. Qa4 Rb6 34. Qd7
Rcb8 35. h4 Bc1 36. c5 dxc5 37. Bxe5 Rb2+ 38. Bxb2 1-0

[Event "Baku Open 2016"]
[Site "Baku AZE"]
[Date "2016.09.20"]
[Round "3.21"]
[White "Pirverdiyev, Agil"]
[Black "Zherebtsova, Alexandra"]
[Result "1-0"]
[BlackTitle "WFM"]
[WhiteElo "2343"]
[BlackElo "2159"]
[WhiteFideId "13400568"]
[BlackFideId "24129518"]
[EventDate "2016.09.18"]

1. e4 e5 2. Nf3 Nc6 3. Bb5 a6 4. Ba4 Nf6 5. O-O Be7 6. Re1 b5 7. Bb3 d6 8. c3
O-O 9. h3 Na5 10. Bc2 c5 11. d4 Nd7 12. Nbd2 exd4 13. cxd4 Nc6 14. d5 Nce5 15.
Nxe5 Nxe5 16. f4 Ng6 17. Nf3 Bh4 18. Nxh4 Qxh4 19. Qd2 Nxf4 20. Rf1 Ng6 21. b4
c4 22. Bb2 Qe7 23. a4 Bd7 24. axb5 axb5 25. Ra5 Ne5 26. Kh2 Rfb8 27. Bc3 f6 28.
Rfa1 Rxa5 29. Rxa5 Qd8 30. Qe3 Ra8 31. Be1 Qb8 32. Qa3 Rxa5 33. bxa5 Bc8 34. Bb4
Nf7 35. Bd1 Qa7 36. Bxd6 Qd4 37. Bg3 b4 38. Qxb4 Ng5 39. Qe7 Qxe4 40. Qd8+ Kf7
41. Qxc8 Qxd5 42. Bh5+ g6 43. a6 1-0

[Event "Baku Open 2016"]
[Site "Baku AZE"]
[Date "2016.09.20"]
[Round "3.22"]
[White "Orujov, Shujaat"]
[Black "Muradli, Mahammad"]
[Result "0-1"]
[BlackTitle "FM"]
[WhiteElo "2260"]
[BlackElo "2331"]
[WhiteFideId "13403613"]
[BlackFideId "13409301"]
[EventDate "2016.09.18"]

1. e4 c5 2. Nc3 d6 3. Nf3 Nf6 4. d4 cxd4 5. Nxd4 a6 6. a4 Nc6 7. Be2 e5 8. Nb3
Be7 9. O-O O-O 10. Bg5 Be6 11. Qd2 Qc7 12. Rfd1 Rfd8 13. Bf3 Nb4 14. Nd5 Nbxd5
15. exd5 Bf5 16. Rac1 h6 17. Be3 Bg6 18. Be2 Nd7 19. c4 f5 20. f3 a5 21. f4 b6
22. g4 Rf8 23. h3 Rae8 24. Rf1 fxg4 25. hxg4 exf4 26. Rxf4 Rxf4 27. Bxf4 Bf6 28.
Re1 Re4 29. Bf1 Ne5 30. Bxe5 Rxg4+ 31. Bg2 Bxe5 32. c5 bxc5 33. Rxe5 dxe5 34. d6
Qd8 35. Kf1 Qf6+ 36. Ke1 Rxg2 37. Qxg2 Qxd6 38. Nxa5 Kh7 39. Qd2 Qf6 40. b3 Qh4+
41. Qf2 Qe4+ 42. Qe2 Qd4 43. Nc4 Qc3+ 44. Nd2 e4 45. Kf2 Qf6+ 46. Kg2 Qg5+ 47.
Kf1 Qf6+ 48. Qf2 Qc3 49. Nc4 Qxb3 50. Qxc5 Qxa4 51. Ne5 Qd1+ 52. Kf2 Qd2+ 53.
Kg3 Qg5+ 54. Kh2 Bh5 0-1

[Event "Baku Open 2016"]
[Site "Baku AZE"]
[Date "2016.09.20"]
[Round "3.23"]
[White "Karayev, Kanan"]
[Black "Aliyev, Ravan"]
[Result "1-0"]
[WhiteTitle "CM"]
[WhiteElo "2266"]
[BlackElo "2225"]
[WhiteFideId "13406671"]
[BlackFideId "13409980"]
[EventDate "2016.09.18"]

1. e4 e6 2. d4 d5 3. Nd2 Nf6 4. e5 Nfd7 5. Bd3 c5 6. c3 Nc6 7. Ne2 cxd4 8. cxd4
f6 9. exf6 Qxf6 10. Nf3 h6 11. Nf4 Bb4+ 12. Kf1 O-O 13. Qc2 Rd8 14. Bh7+ Kh8 15.
Nh5 Qe7 16. h4 Nf8 17. Bd3 e5 18. dxe5 Nxe5 19. Be3 Nxf3 20. gxf3 d4 21. Bd2
Bxd2 22. Qxd2 Qf7 23. Nf4 Bf5 24. Bxf5 Qxf5 25. h5 Rac8 26. Nd3 Qxf3 27. Rh4 Rd5
28. Nf4 Rdc5 29. Re1 Rc2 30. Qxd4 R8c4 31. Ng6+ Nxg6 32. hxg6 Rxf2+ 33. Qxf2
Qd3+ 34. Re2 Rc1+ 35. Kg2 Qxg6+ 36. Kh2 Qd6+ 37. Qf4 Qc6 38. Rg2 1-0

[Event "Baku Open 2016"]
[Site "Baku AZE"]
[Date "2016.09.20"]
[Round "3.24"]
[White "Derakhshani, Borna"]
[Black "Khalafova, Narmin"]
[Result "0-1"]
[WhiteTitle "FM"]
[BlackTitle "WIM"]
[WhiteElo "2244"]
[BlackElo "2219"]
[WhiteFideId "12518450"]
[BlackFideId "13402625"]
[EventDate "2016.09.18"]

1. d4 d5 2. Bf4 Nf6 3. e3 c5 4. Nd2 Qb6 5. dxc5 Qxb2 6. c4 e6 7. cxd5 exd5 8.
Bxb8 Rxb8 9. Qa4+ Nd7 10. Qd4 Qxd4 11. exd4 Be7 12. Be2 Bf6 13. Nb3 Nf8 14. Bf3
Be6 15. Ne2 Ng6 16. Nc3 Ne7 17. O-O O-O 18. Rfe1 Rfd8 19. Ne2 g5 20. Ng3 Nc6 21.
Rad1 b6 22. Nh5 Bh8 23. g4 bxc5 24. dxc5 Ne5 25. Kg2 Nxf3 26. Kxf3 d4 27. Rb1 d3
28. Kg3 Rbc8 29. Re3 Bxb3 30. axb3 Bd4 31. Rf3 d2 32. Rd1 Rxc5 33. Kg2 Bc3 34.
Ng3 Bb4 35. Kf1 Rc1 36. Ke2 Re8+ 0-1

[Event "Baku Open 2016"]
[Site "Baku AZE"]
[Date "2016.09.20"]
[Round "3.25"]
[White "Paramzina, Anastasya"]
[Black "Fendereski, Nima"]
[Result "1-0"]
[WhiteTitle "WFM"]
[WhiteElo "2164"]
[BlackElo "2238"]
[WhiteFideId "4165012"]
[BlackFideId "12533807"]
[EventDate "2016.09.18"]

1. e4 c5 2. Nf3 e6 3. d4 cxd4 4. Nxd4 a6 5. Bd3 Nf6 6. O-O Qc7 7. Qe2 d6 8. Be3
g6 9. c4 Bg7 10. Nc3 Nc6 11. Rfd1 O-O 12. Rac1 Ne5 13. f3 Nfd7 14. b3 Nxd3 15.
Qxd3 Ne5 16. Qd2 f5 17. exf5 gxf5 18. Nde2 Nf7 19. Nf4 Bd7 20. Nh5 Bc6 21. Nd5
Qd8 22. Bb6 Bh6 23. Qc3 Qg5 24. f4 1-0

[Event "Baku Open 2016"]
[Site "Baku AZE"]
[Date "2016.09.20"]
[Round "3.26"]
[White "Soyunlu, Narmin"]
[Black "Mammadova, Narmin"]
[Result "0-1"]
[BlackTitle "WIM"]
[WhiteElo "2095"]
[BlackElo "2230"]
[WhiteFideId "13400843"]
[BlackFideId "13403710"]
[EventDate "2016.09.18"]

1. Nf3 d5 2. g3 Nf6 3. Bg2 g6 4. c4 c6 5. b3 Bg7 6. Bb2 Qb6 7. cxd5 Ne4 8. d4
cxd5 9. Nc3 Nxc3 10. Bxc3 Nc6 11. O-O O-O 12. Qd2 Bf5 13. Rfd1 Be4 14. Ne1 Bxg2
15. Nxg2 Rfd8 16. f4 e6 17. Kh1 Rac8 18. Rab1 Qa6 19. a4 Ne7 20. Ne3 Rc7 21. Ba5
b6 22. Bb4 Nc6 23. Bc3 Rdc8 24. b4 Qxa4 25. b5 Na5 26. Rb4 Qa3 27. Bb2 Qa2 28.
Qe1 Bf8 0-1

[Event "Baku Open 2016"]
[Site "Baku AZE"]
[Date "2016.09.21"]
[Round "4.1"]
[White "Bogdanovich, Stanislav"]
[Black "Sjugirov, Sanan"]
[Result "1/2-1/2"]
[WhiteTitle "IM"]
[BlackTitle "GM"]
[WhiteElo "2591"]
[BlackElo "2653"]
[WhiteFideId "14115298"]
[BlackFideId "4189302"]
[EventDate "2016.09.18"]

1. d4 Nf6 2. Nf3 e6 3. Bf4 c5 4. e3 cxd4 5. exd4 b6 6. Nc3 Bb7 7. Bd3 Be7 8. O-O
a6 9. Re1 O-O 10. Ng5 d5 11. Re3 h6 12. Nf3 Nh5 13. Ne2 Nd7 14. Be5 Nhf6 15. Ng3
Ng4 16. Re1 Ngxe5 17. Nxe5 Nxe5 18. dxe5 Bc5 19. Nh5 Qh4 20. Qf3 Bxf2+ 21. Qxf2
Qxh5 22. Qxb6 Rfb8 23. Re3 a5 24. Qc7 d4 25. Rg3 Bd5 26. Rf1 Rb7 27. Qd6 Qh4 28.
b3 a4 29. Qc5 axb3 30. axb3 Rba7 31. Qb4 Ra1 32. Qd2 Rxf1+ 33. Bxf1 Ra1 34. Qf2
Kf8 35. Qd2 Kg8 36. Qf2 Kf8 37. Qd2 Qe4 38. Rd3 Qf5 39. Qf2 Qxf2+ 40. Kxf2 Ra2
41. Kg1 Rxc2 42. Rxd4 Bxb3 43. Rd8+ Ke7 44. Rg8 Rc5 45. Rxg7 Rxe5 46. Rg3 Bd5
47. Rh3 h5 48. Kf2 Rf5+ 49. Kg1 Rg5 50. Rg3 Re5 51. Kf2 Kf6 52. Be2 Be4 53. Re3
Rf5+ 54. Kg1 Bd5 55. Rh3 Rg5 56. Rg3 Re5 57. Kf2 Bc6 58. Bd1 Ra5 59. Rc3 Be4 60.
Re3 Bb7 61. Rc3 Rd5 62. Be2 Rf5+ 63. Kg1 Ra5 64. Rb3 Bd5 65. Rb4 Ra1+ 66. Kf2
Ra2 67. g3 Kg6 68. Ke3 Ra3+ 69. Kf2 Ra5 70. Ke3 Bc6 71. Rh4 Re5+ 72. Kf2 Bb5 73.
Bf3 Rc5 74. Ke3 f6 75. Be4+ Kg7 76. Bf3 Be8 77. Be2 Bg6 78. Rb4 Rc3+ 79. Kf2 Kh6
80. Rf4 Kg7 81. Rc4 Ra3 82. Rc7+ Kh6 83. Rc6 Bf5 84. Bc4 Rc3 85. Bd5 Rxc6 86.
Bxc6 h4 87. Bf3 Kg5 88. Be2 Bg4 89. Bc4 e5 90. Bb5 Bd1 91. Bd7 Bc2 92. Bh3 f5
93. Ke3 Be4 94. g4 Bc2 95. gxf5 Bxf5 96. Bg2 Kg4 97. Bf1 Bc2 98. Bg2 Ba4 99. Kf2
Kf4 100. Bf3 Bc2 101. Bh5 e4 102. Be2 e3+ 103. Ke1 Bg6 104. Bd1 Bf5 105. Be2 Be4
106. Bd1 Bf3 107. Ba4 Bg4 108. Bb5 Bf5 109. Be2 Ke5 1/2-1/2

[Event "Baku Open 2016"]
[Site "Baku AZE"]
[Date "2016.09.21"]
[Round "4.2"]
[White "Idani, Pouya"]
[Black "Lenderman, Aleksandr"]
[Result "0-1"]
[WhiteTitle "GM"]
[BlackTitle "GM"]
[WhiteElo "2543"]
[BlackElo "2600"]
[WhiteFideId "12510130"]
[BlackFideId "2021285"]
[EventDate "2016.09.18"]

1. e4 e6 2. d4 d5 3. Nd2 c5 4. Ngf3 cxd4 5. Nxd4 Nc6 6. Bb5 Bd7 7. Nxc6 bxc6 8.
Bd3 Qc7 9. Qe2 Ne7 10. Nf3 Ng6 11. e5 f6 12. Bxg6+ hxg6 13. Qd3 Kf7 14. Qd4 Qb6
15. Qf4 Qb4+ 16. Qxb4 Bxb4+ 17. c3 Be7 18. Be3 g5 19. O-O-O g4 20. Nd2 fxe5 21.
Nc4 Bf6 22. Bc5 Rh6 23. Nd6+ Kg8 24. Ne4 Be8 25. Nxf6+ gxf6 26. Rd3 Bg6 27. Rg3
Bf5 28. h4 Kf7 29. c4 Rah8 30. Ra3 Rxh4 31. Rxa7+ Kg6 32. Rxh4 Rxh4 33. Kd2 d4
34. b4 Rh2 35. b5 cxb5 36. cxb5 Rxg2 37. Ke1 g3 38. fxg3 d3 39. Rd7 Re2+ 40. Kd1
Rc2 41. Bb4 e4 42. Bd2 e5 0-1

[Event "Baku Open 2016"]
[Site "Baku AZE"]
[Date "2016.09.21"]
[Round "4.3"]
[White "Bodnaruk, Anastasia"]
[Black "Abasov, Nijat"]
[Result "0-1"]
[WhiteTitle "IM"]
[BlackTitle "GM"]
[WhiteElo "2465"]
[BlackElo "2552"]
[WhiteFideId "4181751"]
[BlackFideId "13402960"]
[EventDate "2016.09.18"]

1. e4 c5 2. Nc3 Nc6 3. Nge2 Nf6 4. d4 cxd4 5. Nxd4 e5 6. Ndb5 d6 7. Bg5 a6 8.
Na3 b5 9. Nd5 Be7 10. Bxf6 Bxf6 11. c4 b4 12. Nc2 O-O 13. h4 Be6 14. g3 a5 15.
Bh3 a4 16. Kf1 b3 17. Nce3 Rb8 18. Kg2 Nd4 19. a3 Rc8 20. Rc1 Rc5 21. Qd2 Qa8
22. Nxf6+ gxf6 23. f3 Qc6 24. Rc3 Kh8 25. Nd5 Kg7 26. Rhc1 Qc8 27. g4 h6 28. f4
Bxd5 29. cxd5 Rxc3 30. Rxc3 Qa6 31. Kf2 Rc8 32. Bf1 Qa5 33. g5 fxg5 34. hxg5 h5
35. f5 Rxc3 36. bxc3 Nc2 37. Bd3 Qc5+ 38. Kf3 Qg1 39. Bxc2 Qf1+ 40. Ke3 Qf4+ 41.
Kd3 Qxd2+ 42. Kxd2 bxc2 43. c4 h4 44. c5 h3 0-1

[Event "Baku Open 2016"]
[Site "Baku AZE"]
[Date "2016.09.21"]
[Round "4.4"]
[White "Golubov, Saveliy"]
[Black "Hesham, Abdelrahman"]
[Result "1/2-1/2"]
[WhiteTitle "IM"]
[BlackTitle "GM"]
[WhiteElo "2481"]
[BlackElo "2419"]
[WhiteFideId "24176729"]
[BlackFideId "10600183"]
[EventDate "2016.09.18"]

1. d4 d5 2. Nf3 Nf6 3. Bf4 e6 4. e3 Be7 5. h3 c5 6. c3 O-O 7. Nbd2 b6 8. Bd3 Ba6
9. Bxa6 Nxa6 10. O-O Qc8 11. Qe2 Qb7 12. Bh2 Rfc8 13. c4 Nb4 14. a3 Nc6 15. dxc5
bxc5 16. Rab1 Re8 17. Rfc1 a5 18. Ne1 d4 19. Ndf3 a4 20. exd4 cxd4 21. Nd3 Nd7
22. Qe4 Nc5 23. Nxc5 Bxc5 24. Be5 Rad8 25. Rd1 f5 26. Qf4 d3 27. Bc3 Qb6 28. Rd2
Rd7 29. Rbd1 Red8 30. Ne5 Nxe5 31. Qxe5 Bd4 32. Bxd4 Rxd4 33. c5 Qc6 34. Qe3 Qd5
35. c6 Qxc6 36. Rxd3 Rxd3 37. Rxd3 Rxd3 38. Qxd3 Qc1+ 39. Kh2 Qxb2 40. Qd7 Qb8+
41. g3 f4 1/2-1/2

[Event "Baku Open 2016"]
[Site "Baku AZE"]
[Date "2016.09.21"]
[Round "4.5"]
[White "Ameir, Moheb"]
[Black "Artemiev, Vladislav"]
[Result "0-1"]
[WhiteTitle "IM"]
[BlackTitle "GM"]
[WhiteElo "2431"]
[BlackElo "2663"]
[WhiteFideId "10600620"]
[BlackFideId "24101605"]
[EventDate "2016.09.18"]

1. e4 c5 2. Nf3 d6 3. Bb5+ Nd7 4. O-O a6 5. Bd3 Ngf6 6. Re1 g6 7. c3 Bg7 8. Bc2
Ne5 9. d4 Nxf3+ 10. Qxf3 Nd7 11. Be3 Qc7 12. Qd1 O-O 13. a4 b6 14. Na3 Nf6 15.
f3 Bd7 16. Bd3 Rfc8 17. Qe2 Qb7 18. dxc5 bxc5 19. a5 Bc6 20. Rab1 Nd7 21. Qf1
Ne5 22. Be2 Ba4 23. b4 cxb4 24. Rxb4 Qc6 25. Bd4 Nd7 26. Reb1 Rc7 27. Qf2 Bh6
28. Bc4 e6 29. Ba2 Bf8 30. f4 Nc5 31. Qf3 Re8 32. f5 exf5 33. Bd5 Qd7 34. exf5
Qxf5 35. Qxf5 gxf5 36. Rb6 Ne6 37. Rb7 Bg7 38. Rb8 Nxd4 39. cxd4 Bxd4+ 40. Kh1
Rxb8 41. Rxb8+ Kg7 42. g3 Rc1+ 43. Kg2 Rg1+ 44. Kh3 Bd1 0-1

[Event "Baku Open 2016"]
[Site "Baku AZE"]
[Date "2016.09.21"]
[Round "4.6"]
[White "Guliev, Sarhan"]
[Black "Lupulescu, Constantin"]
[Result "0-1"]
[WhiteTitle "GM"]
[BlackTitle "GM"]
[WhiteElo "2416"]
[BlackElo "2618"]
[WhiteFideId "13400231"]
[BlackFideId "1207822"]
[EventDate "2016.09.18"]

1. d4 Nf6 2. c4 e6 3. Nc3 Bb4 4. e3 O-O 5. Ne2 c6 6. a3 Ba5 7. g3 d5 8. cxd5
exd5 9. Bg2 Bf5 10. O-O Re8 11. f3 h6 12. g4 Bh7 13. Ng3 c5 14. dxc5 Bxc3 15.
bxc3 Nbd7 16. c4 dxc4 17. e4 Nxc5 18. Be3 Nd3 19. Qd2 Qc7 20. Rfd1 Nd7 21. Qc3
Rac8 22. Bf1 N7e5 23. Be2 f6 24. Rab1 b6 25. a4 Qd7 26. Rb5 Kh8 27. Rd5 Qxa4 28.
f4 Nc6 29. Rd7 Qb4 30. Qxb4 Ndxb4 31. Bxc4 Bxe4 32. Kf2 Bc2 33. R1d2 Nb8 34.
R7d4 Bh7 35. Bb5 N4c6 36. Rd6 Rf8 37. f5 Ne5 38. h3 Bg8 39. Bf4 Bc4 40. Bxe5
Bxb5 41. Ba1 Na6 42. h4 Nc5 43. Ra2 Nb3 44. Rxa7 Rc2+ 45. Ke3 Nxa1 46. Rxa1 Rc3+
47. Kf2 Bc6 48. Ne2 Rf3+ 49. Ke1 Bb5 50. Rxb6 Bd3 51. Re6 Rb8 52. h5 Kh7 53. Re7
Rb2 54. Ra4 Rh3 55. Rd4 Bxe2 56. g5 hxg5 0-1

[Event "Baku Open 2016"]
[Site "Baku AZE"]
[Date "2016.09.21"]
[Round "4.7"]
[White "Iskandarov, Misratdin"]
[Black "Pourramezanali, Amirreza"]
[Result "1-0"]
[WhiteTitle "IM"]
[BlackTitle "IM"]
[WhiteElo "2423"]
[BlackElo "2532"]
[WhiteFideId "13400312"]
[BlackFideId "12511412"]
[EventDate "2016.09.18"]

1. Nf3 g6 2. e4 c5 3. c3 Bg7 4. d4 cxd4 5. cxd4 d5 6. exd5 Nf6 7. Nc3 O-O 8. Bc4
Nbd7 9. O-O Nb6 10. Bb3 Nbxd5 11. Re1 b6 12. Nxd5 Nxd5 13. Bg5 Bb7 14. Rc1 Re8
15. Ne5 f6 16. Nc6 Bxc6 17. Rxc6 Qd7 18. Ba4 fxg5 19. Rc5 Qxa4 20. Qxa4 bxc5 21.
dxc5 Kh8 22. g3 a5 23. Qe4 e6 24. Re2 Rab8 25. Qa4 h6 26. Qxa5 Rxb2 27. Rxb2
Bxb2 28. Qb5 Rc8 29. Qxb2+ Kg8 30. Qb5 Kf8 31. a4 Ke7 32. a5 1-0

[Event "Baku Open 2016"]
[Site "Baku AZE"]
[Date "2016.09.21"]
[Round "4.8"]
[White "Bajarani, Ulvi"]
[Black "Sadikhov, Ulvi"]
[Result "1-0"]
[WhiteTitle "GM"]
[BlackTitle "IM"]
[WhiteElo "2509"]
[BlackElo "2409"]
[WhiteFideId "13403028"]
[BlackFideId "13401416"]
[EventDate "2016.09.18"]

1. d4 Nf6 2. c4 d6 3. Nc3 Nbd7 4. g3 e5 5. e3 g6 6. Bg2 Bg7 7. Nge2 O-O 8. O-O
Qe7 9. b3 Re8 10. Qc2 c6 11. Ba3 e4 12. g4 Nxg4 13. Qxe4 Nde5 14. h3 Nf6 15. Qf4
Nh5 16. Qh2 f5 17. dxe5 Bxe5 18. Qh1 g5 19. Rad1 Qg7 20. Rd3 f4 21. Bxd6 Bxd6
22. Rxd6 g4 23. hxg4 Bxg4 24. f3 Rxe3 25. fxg4 Qxg4 26. Rh6 f3 27. Rxf3 Rxf3 28.
Qxh5 Qxh5 29. Rxh5 Rf7 30. Nd4 Kh8 31. Ne4 Rg8 32. Ng5 Rd7 33. Nde6 Rd1+ 34. Kh2
Rg6 35. Rxh7+ Kg8 36. Rxb7 Rh6+ 37. Kg3 Rd3+ 38. Kg4 1-0

[Event "Baku Open 2016"]
[Site "Baku AZE"]
[Date "2016.09.21"]
[Round "4.9"]
[White "Guliev, Logman"]
[Black "Rasulov, Vugar"]
[Result "0-1"]
[WhiteTitle "IM"]
[BlackTitle "GM"]
[WhiteElo "2390"]
[BlackElo "2487"]
[WhiteFideId "13400061"]
[BlackFideId "13402390"]
[EventDate "2016.09.18"]

1. e4 g6 2. d4 Bg7 3. Nc3 d6 4. f4 a6 5. Nf3 b5 6. Bd3 Bb7 7. O-O Nd7 8. e5 c5
9. Be4 Bxe4 10. Nxe4 cxd4 11. e6 fxe6 12. Neg5 Nf8 13. Nxd4 Qd7 14. Kh1 Rc8 15.
c3 h6 16. Ngf3 e5 17. Nb3 exf4 18. Bxf4 e5 19. Qe2 Ne7 20. Bg3 Nf5 21. Rad1 Qe7
22. Qe4 Bf6 23. Bf2 h5 24. Rfe1 Kf7 25. a4 Kg7 26. axb5 axb5 27. Qd5 Qf7 28.
Qxb5 Ne6 29. Qd5 Rb8 30. Ra1 Nf4 31. Qxf7+ Kxf7 32. Ra7+ Kg8 33. Nfd2 d5 34.
Rea1 Nd3 35. Kg1 Rh7 36. R7a6 Rf7 37. R1a2 Nxf2 38. Kxf2 e4 39. Ra8 Rff8 40.
Rxb8 Rxb8 41. Nc5 e3+ 0-1